| 000 | 00749nam a22003017a 4500 | ||
|---|---|---|---|
| 005 | 20260224113720.0 | ||
| 008 | 210826b2020 xxu||||| |||| 00| 0 spa d | ||
| 020 | _a9788417568269 | ||
| 041 | _aESP | ||
| 082 | _a658.8 G585e4 | ||
| 100 |
_aGodin, Seth _99335 |
||
| 245 | _aEsto es marketing | ||
| 260 | _aEspaña | ||
| 260 | _bAlienta editorial | ||
| 260 | _c2020 | ||
| 300 | _a314 páginas | ||
| 490 | _aDirección y Administración de Empresas | ||
| 650 | _aGERENCIA DEL MARKETING | ||
| 650 | _aMERCADO MÍNIMO VIABLE | ||
| 650 | _aPUBLICIDAD | ||
| 650 | _aLIDERAZGO | ||
| 650 | _aPLAN DE NEGOCIOS | ||
| 650 | _aLOGO | ||
| 650 | _aMARKETING DE MARCA | ||
| 650 | _aPRECIO | ||
| 650 | _aCASOS DE ESTUDIO | ||
| 942 |
_cBK _2ddc |
||
| 999 |
_c13168 _d13168 |
||